Heraclidae
Saved in:
| Main Author: | |
|---|---|
| Other Authors: | |
| Format: | Book |
| Language: | Greek English |
| Published: |
Oxford :
Clarendon Press,
c1995
|
| Subjects: | |
| Tags: |
Add Tag
No Tags, Be the first to tag this record!
|
MARC
| LEADER | 00000nam a2200000 i 4500 | ||
|---|---|---|---|
| 001 | 1/84785 | ||
| 008 | 990628s1995 gre d | ||
| 020 | |a 0198150245 | ||
| 035 | |l 10051689 | ||
| 040 | |a GR-MY-UA |b gre |e aacr | ||
| 041 | 0 | |a gre |a eng | |
| 082 | 0 | |a 882.01 | |
| 100 | 0 | |a Ευριπίδης, |d 480-406. | |
| 245 | 1 | 0 | |a Heraclidae / |c Euripides ; with an introduction and commentary by John Wilkins |
| 260 | |a Oxford : |b Clarendon Press, |c c1995 | ||
| 300 | |a 200 p. | ||
| 504 | |a Includes bibliographical references and index | ||
| 650 | 0 | 0 | |a Heracles (Greek mythology) |x Drama. |
| 700 | 1 | |a Wilkins, John |d 1954- | |
| 852 | |a INST |b LESVOS |e 19990628 |h 882.01 ΕΥΡ |p 005100019940 |q 005100019940 |t BK |y 0 | ||
| 901 | |a BIBL1-1999-2 | ||
| 909 | |a Λ |b 062536 | ||
| 922 | |a 1ΕΛΗ |b 199812 |c ΚΠΣ/ΚΥΒ |d LEADER | ||
| 950 | |a 023-1998-09-14 | ||
| 970 | |a ΤΖΑΦΕΡΗ |b ΕΥΑΓΓΕΛΙΑ |z 1999/07/07 | ||